| 000 | 00383nam a22001457a 4500 | ||
|---|---|---|---|
| 003 | OSt | ||
| 005 | 20160727222341.0 | ||
| 008 | 160620b xxu||||| |||| 00| 0 eng d | ||
| 040 | _ctest | ||
| 100 |
_990 _aBansal, S.P |
||
| 245 |
_aThe Hen That Lord the Gddend Egg _bThe Hen That Lord the Gddend Egg |
||
| 260 |
_aN.D _bFrank |
||
| 300 | _aThe Hen That Lord the Gddend Egg | ||
| 942 |
_2ddc _cBK |
||
| 999 |
_c71 _d71 |
||